| 000 | 00675nam a2200205Ia 4500 | ||
|---|---|---|---|
| 999 |
_c15754 _d15754 |
||
| 003 | OSt | ||
| 005 | 20201119163755.0 | ||
| 008 | 160316s1999 xxu||||| |||| 00| 0 eng d | ||
| 040 | _c. | ||
| 082 |
_a347.066000 _bHEA |
||
| 100 | _aHeaton-Armstrong Anthony | ||
| 245 | _aAnalysing witnesss testimony : A guide for legal practioners and other professionals | ||
| 260 |
_aLondon _bBlackstone Press Pvt. Ltd. _c1999 |
||
| 300 |
_a360p _cxvii |
||
| 365 | _bRs.2,303.59 | ||
| 650 | _a1. Evidence - Witness Testimony - Analysis | ||
| 700 |
_aShepherd Eric _aWolchover David |
||
| 856 | _u/cgi-bin/koha/opac-retrieve-file.pl?id=2f3d37af65daf94879c3c950c9770c9d | ||
| 942 |
_2ddc _cBK |
||